| 000 | 00902nam a2200289 4500 | ||
|---|---|---|---|
| 001 | 10952 | ||
| 003 | ES-MaACL | ||
| 005 | 20230906150010.0 | ||
| 007 | t| | ||
| 008 | 000000s1983 sp ||||0| spa d | ||
| 016 | 7 | _zIBH8405801565 | |
| 020 | _a84-320-7321-0 | ||
| 040 |
_aIBH _bspa _cM-BN-DP |
||
| 080 | _a654.197(460):32 | ||
| 080 | _a32:654.197(460) | ||
| 100 | 1 |
_aSinova, Justino. _9106650 |
|
| 245 | 1 | 3 |
_aLa gran mentira / _cJustino Sinova. |
| 250 | _a[1ª ed.]. | ||
| 260 |
_aBarcelona : _bPlaneta ; _a[Madrid] : _bInstituto de Estudios Económicos, _c1983. |
||
| 300 |
_a222 p ; _c24 cm. |
||
| 490 | 1 |
_aColección Tablero ; _v11 |
|
| 650 | 1 | 4 |
_aTelevisión- _zEspaña- _vAspectos políticos. _917442 |
| 710 | 2 |
_aInstituto de Estudios Económicos (Madrid) _94899 |
|
| 830 | 0 |
_aColección Tablero ; _v11 _9177935 |
|
| 852 |
_aES-MaACL _jL-18243 _bR.123446 |
||
| 999 |
_c10952 _d10952 |
||